[Event "Titled Tuesday intern op 11th Aug"]
[Site "Chess.com INT"]
[Date "2020.08.11"]
[Round "5"]
[White "De Waele, Warre"]
[Black "Riehle, Marco"]
[Result "0-1"]
[WhiteElo "2238"]
[BlackElo "2347"]
[PlyCount "80"]
[EventDate "2020.08.11"]
[EventType "swiss (blitz)"]
[EventRounds "10"]
[EventCountry "USA"]
[SourceTitle "CBM 197 Extra"]
[Source "ChessBase"]
[SourceDate "2020.09.30"]
[SourceVersion "1"]
[SourceVersionDate "2020.09.30"]
[SourceQuality "1"]

1. d4 d5 2. c4 e6 3. Nf3 Nf6 4. g3 dxc4 5. Bg2 Bb4+ 6. Bd2 a5 7. Qc2 Bxd2+ 8. Qxd2 0-0 9. Na3 b6 10. Nxc4 Bb7 11. 0-0 Nbd7 12. Rac1 Rc8 13. Rfd1 Qe7 14. b3 Rfd8 15. Nfe5 Bxg2 16. Kxg2 Nxe5 17. Nxe5 c5 18. Qb2 cxd4 19. Rxc8 Rxc8 20. Qxd4 Qb7+ 21. Nf3 h6 22. Qd3 Qd5 23. Qxd5 Nxd5 24. Rd2 Rc1 25. Ne5 f6 26. Nd3 Ra1 27. Rc2 f5 28. Kf3 g5 29. h3 h5 30. g4 hxg4+ 31. hxg4 Rg1 32. gxf5 exf5 33. e3 Kf7 34. Rc6 Rd1 35. Ke2 Rxd3 36. Kxd3 Nb4+ 37. Kc4 Nxc6 38. Kb5 Ne5 39. Kxb6 Ng4 40. Kb5 Nxf2 0-1

[Event "Titled Tuesday intern op 11th Aug"]
[Site "Chess.com INT"]
[Date "2020.08.11"]
[Round "2"]
[White "Sanal, Vahap"]
[Black "De Waele, Warre"]
[Result "1-0"]
[WhiteElo "2581"]
[BlackElo "2238"]
[PlyCount "93"]
[EventDate "2020.08.11"]
[EventType "swiss (blitz)"]
[EventRounds "10"]
[EventCountry "USA"]
[SourceTitle "CBM 197 Extra"]
[Source "ChessBase"]
[SourceDate "2020.09.30"]
[SourceVersion "1"]
[SourceVersionDate "2020.09.30"]
[SourceQuality "1"]

1. e4 e5 2. Nf3 Nc6 3. Bc4 Nf6 4. d4 exd4 5. e5 Ne4 6. Qe2 Nc5 7. 0-0 Ne6 8. Rd1 d5 9. exd6 Bxd6 10. Bg5 Be7 11. Bxe7 Qxe7 12. Bb5 Bd7 13. Na3 0-0-0 14. Bxc6 Bxc6 15. Nxd4 Bd7 16. Nab5 Bxb5 17. Nxb5 Kb8 18. Nd4 Rd6 19. Nf5 Rxd1+ 20. Rxd1 Qf6 21. Ne3 Rd8 22. c3 Rxd1+ 23. Qxd1 Kc8 24. h3 Qd8 25. Qa4 Kb8 26. Qe4 h6 27. Nd5 c6 28. Qe5+ Kc8 29. Ne3 Qc7 30. Qe4 Qd7 31. Nc4 Qd1+ 32. Kh2 Qd7 33. Qe5 b6 34. Nd6+ Kd8 35. Nf5 Qc7 36. Qxc7+ Kxc7 37. g4 Kd7 38. Kg3 c5 39. f4 Kc6 40. h4 b5 41. h5 a5 42. Kf3 Kd5 43. g5 hxg5 44. Nxg7 Nxg7 45. h6 g4+ 46. Kf2 g3+ 47. Kg1 1-0

[Event "Online Olym Div3 C"]
[Site "Chess.com INT"]
[Date "2020.08.09"]
[Round "8.5"]
[White "De Waele, Warre"]
[Black "Mizzi, Jack"]
[Result "1-0"]
[WhiteElo "2238"]
[BlackElo "1901"]
[PlyCount "61"]
[EventDate "2020.08.07"]
[EventType "team-tourn (rapid)"]
[EventRounds "9"]
[EventCountry "USA"]
[SourceTitle "CBM 198"]
[Source "ChessBase"]
[SourceDate "2020.10.31"]
[SourceVersion "1"]
[SourceVersionDate "2020.10.31"]
[SourceQuality "1"]
[WhiteTeam "Belgium"]
[BlackTeam "Malta"]
[WhiteTeamCountry "BEL"]
[BlackTeamCountry "MLT"]

1. d4 Nf6 2. c4 e6 3. Nf3 d5 4. g3 Be7 5. Bg2 0-0 6. 0-0 dxc4 7. Qc2 a6 8. a4 Nd5 9. e4 Nb4 10. Qxc4 b5 11. Qe2 bxa4 12. Nc3 a5 13. Rd1 Ba6 14. Qd2 Bc4 15. Qf4 Nd3 16. Qg4 f5 17. Qh5 g6 18. Qh6 fxe4 19. Nxe4 Nxc1 20. Raxc1 Bd5 21. Neg5 Bxg5 22. Nxg5 Qd7 23. Bxd5 exd5 24. Re1 Na6 25. Rc6 Nb4 26. Rce6 Qg7 27. Qh3 h6 28. Re7 hxg5 29. Rxg7+ Kxg7 30. Qe6 Rae8 31. Qd7+ 1-0

[Event "Online Olym Div3 C"]
[Site "Chess.com INT"]
[Date "2020.08.07"]
[Round "2.3"]
[White "Rathbone Jones, Ifan"]
[Black "De Waele, Warre"]
[Result "0-1"]
[WhiteElo "1941"]
[BlackElo "2238"]
[PlyCount "72"]
[EventDate "2020.08.07"]
[EventType "team-tourn (rapid)"]
[EventRounds "9"]
[EventCountry "USA"]
[SourceTitle "CBM 198"]
[Source "ChessBase"]
[SourceDate "2020.10.31"]
[SourceVersion "1"]
[SourceVersionDate "2020.10.31"]
[SourceQuality "1"]
[WhiteTeam "Wales"]
[BlackTeam "Belgium"]
[WhiteTeamCountry "WLS"]
[BlackTeamCountry "BEL"]

1. d4 Nf6 2. Bf4 d5 3. Nf3 c5 4. e3 Nc6 5. c3 Qb6 6. Qc2 g6 7. Nh4 Bg7 8. Nd2 0-0 9. Be2 Nd7 10. Nhf3 e5 11. dxe5 Ndxe5 12. Nxe5 Nxe5 13. h4 Bf5 14. Qb3 Qc6 15. Bxe5 Bxe5 16. g4 Be6 17. Qc2 d4 18. Bf3 Qd7 19. 0-0-0 dxc3 20. bxc3 Qb5 21. c4 Qa5 22. Nb3 Qa3+ 23. Kd2 Qb4+ 24. Kc1 a5 25. Rd5 Bxd5 26. Bxd5 a4 27. Nd2 Qa3+ 28. Kd1 Rad8 29. f4 Bg7 30. h5 Qxe3 31. hxg6 hxg6 32. Qxg6 Qxd2+ 33. Kxd2 Rxd5+ 34. Qd3 Rxd3+ 35. Kxd3 Rd8+ 36. Kc2 Rd4 0-1

[Event "BEL-chT 1920"]
[Site "Belgium"]
[Date "2020.03.08"]
[Round "9.8"]
[White "De Gueldre, Philippe"]
[Black "De Waele, Warre"]
[Result "0-1"]
[WhiteElo "2228"]
[BlackElo "2241"]
[PlyCount "84"]
[EventDate "2019.09.29"]
[EventType "team-tourn"]
[EventRounds "11"]
[EventCountry "BEL"]
[SourceTitle "CBM 195 Extra"]
[Source "ChessBase"]
[SourceDate "2020.05.31"]
[SourceVersion "1"]
[SourceVersionDate "2020.05.31"]
[SourceQuality "1"]
[WhiteTeam "Liege Crelel"]
[BlackTeam "KBSK Brugge"]
[WhiteTeamCountry "BEL"]
[BlackTeamCountry "BEL"]

1. d4 Nf6 2. c4 e6 3. Nf3 d5 4. g3 dxc4 5. Bg2 c6 6. Ne5 Bb4+ 7. Bd2 Be7 8. e3 b5 9. Nxc6 Nxc6 10. Bxc6+ Bd7 11. Bxa8 Qxa8 12. 0-0 e5 13. dxe5 Ng4 14. Bc3 Qc6 15. Nd2 Qh6 16. Kg2 Qxh2+ 17. Kf3 Nh6 18. Ke2 Bg4+ 19. Nf3 0-0 20. Qd5 Nf5 21. Rg1 b4 22. Bd4 Rd8 23. Qe4 Qh5 24. Rad1 Qg6 25. Qf4 Nxd4+ 26. exd4 h5 27. Ke3 c3 28. bxc3 bxc3 29. Qe4 Bf5 30. Qb7 Bc2 31. Nh4 Qh6+ 32. f4 Bxh4 33. gxh4 Bxd1 34. Rxd1 Qe6 35. Rc1 Rc8 36. d5 Qh3+ 37. Kd4 c2 38. Qb4 Qg2 39. d6 Qf2+ 40. Kd3 Qf3+ 41. Kd2 Qd5+ 42. Ke3 Rc4 0-1